Paroles RK-God Bless - Statistiques

Statistiques générales
  • Ce quiz a été pris 18 fois
  • Le résultat moyen est 96 sur 359
Statistiques - réponses
Réponse % Correct
à
86%
a
86%
bless
86%
bless,
86%
God
86%
J'ai
71%
j'ai
71%
bébé
57%
dans
57%
F,
57%
la
57%
au
43%
Au
43%
est
43%
Et
43%
et
43%
j'suis
43%
J'suis
43%
le
43%
les
43%
ma
43%
main
43%
mais
43%
Mais
43%
mais,
43%
pas
43%
Pas
43%
pas,
43%
te
43%
Tu
43%
tu
43%
ville,
43%
ailleurs,
29%
autres
29%
cet
29%
Chanel,
29%
Christian
29%
claqué
29%
cœur
29%
compte
29%
de
29%
deux
29%
Dior,
29%
En
29%
été
29%
Gucci
29%
jamais
29%
jamais,
29%
je
29%
jour
29%
j'te
29%
J't'emmène
29%
manger
29%
me
29%
mer
29%
mer,
29%
mes
29%
Mon
29%
mon
29%
nous,
29%
nous
29%
On
29%
"On
29%
oui,
29%
parlé
29%
pieds
29%
plaît
29%
plein
29%
plus
29%
prête
29%
promis
29%
que
29%
si
29%
tes
29%
t'es
29%
un
29%
voir
29%
10 000
14%
allait
14%
attentes
14%
Avançons
14%
bien
14%
c'est
14%
comme
14%
c'qui
14%
des
14%
devienne
14%
dis-moi
14%
Dis-moi
14%
d'voir
14%
échange,
14%
Eh,
14%
entre
14%
envies
14%
fond,
14%
fou
14%
homme,
14%
J'grandis,
14%
J'me
14%
j'me
14%
j'réponds
14%
lâché
14%
l'amour
14%
l'four
14%
l'temps
14%
mère
14%
niquer
14%
nuit,
14%
oh
14%
qu'ça
14%
ramènerais
14%
remplis
14%
routine
14%
rue,
14%
s'abîme
14%
sais,
14%
sais
14%
solide
14%
stories
14%
sur
14%
tape
14%
tess,
14%
toi"
14%
tout
14%
traîtres
14%
traîtres,
14%
Vas-y,
14%
veste
14%
vie
14%
vie,
14%
viens
14%
vis
14%
wesh
14%
Yeah,
14%
yeah,
14%
bolide
0%
b'soin
0%
commentaires,
0%
crois
0%
d'ces
0%
demande
0%
d'faire
0%
dire
0%
d'lovés,
0%
d'te
0%
d'toi
0%
du
0%
faire
0%
fais
0%
fini,
0%
flou
0%
fois,
0%
Fonce-dé
0%
haine
0%
J'connais
0%
j'connais
0%
J'continuerai
0%
J'donne
0%
j'fais
0%
j'lui
0%
j'm'en
0%
J'oublie
0%
J'peux
0%
j'préfère
0%
J'remonte
0%
j'reste
0%
J'veux
0%
J'vis
0%
J'y
0%
j'y
0%
Laisse
0%
laisse
0%
l'dire
0%
l'dis
0%
lieu
0%
life,
0%
life
0%
light
0%
lovés
0%
l'Q7
0%
l'sais
0%
mal
0%
mattes
0%
m'battre
0%
Même
0%
montre-moi
0%
m'verras
0%
n'gagneras
0%
part
0%
pense
0%
pour
0%
prends
0%
qu'entre
0%
qu'j'ai
0%
qu'j'suis
0%
qu'maintenant,
0%
qu't'es
0%
qu'tu
0%
regrets
0%
rester
0%
rien
0%
Ruinart
0%
sans
0%
seul
0%
sourd
0%
s'te-plaît,
0%
S'te-plaît,
0%
tant
0%
t'as
0%
tendance
0%
t'essayes
0%
Tiens,
0%
T'inquiète,
0%
tomber
0%
tous
0%
t'sais
0%
une
0%
vu,
0%
vu
0%
Aucun quiz correspondant
Distribution des résultats
% des personnes avec chaque résultat
Percentile par nombre de réponses
Votre historique - résultats
Vous n’avez pas pris ce quiz